<?xml version="1.0" encoding="UTF-8"?>
<collection xmlns="http://www.loc.gov/MARC21/slim">
 <record>
  <leader>00464cam a2200157 7i4500</leader>
  <controlfield tag="001">0000123545</controlfield>
  <controlfield tag="005">20150929090000.0</controlfield>
  <controlfield tag="008">150624</controlfield>
  <datafield tag="020" ind1="#" ind2="0">
   <subfield code="a">9781452239965 </subfield>
  </datafield>
  <datafield tag="090" ind1="0" ind2="0">
   <subfield code="a">GE 180 </subfield>
   <subfield code="b">.R6 2014</subfield>
  </datafield>
  <datafield tag="100" ind1="1" ind2="#">
   <subfield code="a">Rosenbaum, Walter A. </subfield>
  </datafield>
  <datafield tag="245" ind1="1" ind2="0">
   <subfield code="a">Environmental politics and policy  </subfield>
   <subfield code="c">Walter A. Rosenbaum.</subfield>
  </datafield>
  <datafield tag="250" ind1="#" ind2="#">
   <subfield code="a">9th. ed..</subfield>
  </datafield>
  <datafield tag="260" ind1="#" ind2="#">
   <subfield code="a">Los Angeles: </subfield>
   <subfield code="b">SAGE, </subfield>
   <subfield code="c">2014.</subfield>
  </datafield>
  <datafield tag="650" ind1="0" ind2="0">
   <subfield code="a">Environmental policy -- </subfield>
   <subfield code="x">United States </subfield>
  </datafield>
  <datafield tag="999" ind1=" " ind2=" ">
   <subfield code="a">1100093975</subfield>
   <subfield code="b">Book</subfield>
   <subfield code="c">Open Shelf</subfield>
   <subfield code="e">KOLEKSI TERBUKA</subfield>
  </datafield>
 </record>
</collection>
